[Event "Muensterland Verbandsklasse-A 0708"]
[Site "Germany"]
[Date "2007.12.15"]
[Round "4.1"]
[White "Jacob, Helmut"]
[Black "Kuester, Thomas"]
[Result "1/2-1/2"]
[WhiteElo "2070"]
[BlackElo "2023"]
[PlyCount "88"]
[EventDate "2007.09.22"]
[EventType "team"]
[EventRounds "9"]
[EventCountry "GER"]
[SourceTitle "EXT 2009"]
[Source "ChessBase"]
[SourceDate "2008.11.26"]
[SourceVersion "1"]
[SourceVersionDate "2008.11.26"]
[SourceQuality "1"]
[WhiteTeam "Ochtrup"]
[BlackTeam "Heiden II"]
[WhiteTeamCountry "GER"]
[BlackTeamCountry "GER"]

1. e4 d5 2. exd5 Qxd5 3. Nc3 Qa5 4. d4 c6 5. Nf3 Nf6 6. Ne5 Bf5 7. Bc4 e6 8. g4 Bg6 9. Bd2 Bb4 10. Qe2 Nbd7 11. 0-0-0 Nxe5 12. dxe5 Nd5 13. Ne4 Bxd2+ 14. Rxd2 Bxe4 15. Qxe4 0-0-0 16. Rhd1 g6 17. Bb3 Qc5 18. Bxd5 Rxd5 19. Qf4 Rhd8 20. Rxd5 Rxd5 21. Rxd5 Qxd5 22. b3 Qa5 23. Kb2 Kd8 24. h4 Ke8 25. h5 Qd8 26. a4 g5 27. Qe3 b6 28. Qe4 Qd5 29. Qxh7 Qxe5+ 30. Ka2 Qe2 31. Qg8+ Ke7 32. Qxg5+ Kd7 33. Kb2 Qxf2 34. h6 Qd4+ 35. c3 Qf2+ 36. Kc1 Qe1+ 37. Kc2 Qe4+ 38. Kb2 Qe2+ 39. Kc1 Qe1+ 40. Kc2 Qe4+ 41. Kd2 Qg2+ 42. Kd3 Qb2 43. Qd2 Qb1+ 44. Ke2+ Ke8 1/2-1/2

[Event "Essen op"]
[Site "Essen Borbeck"]
[Date "2001.04.12"]
[Round "3"]
[White "Bashilin, Roman"]
[Black "Kuester, Thomas"]
[Result "1/2-1/2"]
[WhiteElo "2354"]
[BlackElo "2145"]
[PlyCount "107"]
[EventDate "2001.04.11"]
[EventType "swiss"]
[EventRounds "9"]
[EventCountry "GER"]
[SourceTitle "CBM 081 Extra"]
[Source "ChessBase"]
[SourceDate "2001.05.06"]
[SourceVersion "1"]
[SourceVersionDate "2001.05.06"]
[SourceQuality "1"]

1. d4 e6 2. Nf3 f5 3. d5 Bd6 4. Nc3 Nf6 5. g3 Qe7 6. Bg2 c6 7. dxe6 dxe6 8. 0-0 0-0 9. e4 e5 10. Bg5 h6 11. Be3 f4 12. gxf4 exf4 13. Bd4 Bg4 14. e5 Bxe5 15. Re1 Bxf3 16. Qxf3 Nbd7 17. Qxf4 Rae8 18. Bxe5 Nxe5 19. Qh4 Nfg4 20. Qxe7 Rxe7 21. Re2 Rfe8 22. Rae1 Kf8 23. b3 Nf6 24. Re3 Neg4 25. Rxe7 Rxe7 26. Rd1 Rd7 27. Rxd7 Nxd7 28. Bh3 Ngf6 29. f3 Ke7 30. Kf2 Kd6 31. Ne2 c5 32. c4 g5 33. Nc3 a6 34. Ke3 Ke5 35. Ne2 b6 36. f4+ gxf4+ 37. Nxf4 Nf8 38. Bc8 a5 39. h3 Kd6 40. Bf5 Ke5 41. Bc8 Kd6 42. a4 Kc7 43. Bf5 Kd6 44. h4 Ke5 45. Bc8 Kd6 46. Bh3 N8d7 47. Ne6 Ke5 48. Ng7 Nb8 49. Nf5 Ng8 50. Kd3 Nc6 51. Ne3 Nce7 52. Bg2 Nf6 53. Bh1 Nf5 54. Nd5 1/2-1/2

[Event "Oberliga NRW 9899 II"]
[Site "Germany"]
[Date "1999.01.20"]
[Round "5.8"]
[White "Kuester, Thomas"]
[Black "Roesner, Harald"]
[Result "0-1"]
[WhiteElo "2205"]
[BlackElo "1996"]
[PlyCount "90"]
[EventDate "1998.10.10"]
[EventType "team"]
[EventRounds "9"]
[EventCountry "GER"]
[SourceTitle "EXT 2000"]
[Source "ChessBase"]
[SourceDate "1999.11.16"]
[SourceVersion "1"]
[SourceVersionDate "1999.11.16"]
[SourceQuality "1"]
[WhiteTeam "Derendorf"]
[BlackTeam "Neuenkirchen"]
[WhiteTeamCountry "GER"]
[BlackTeamCountry "GER"]

1. f4 Nf6 2. Nf3 d5 3. e3 c5 4. b3 Nc6 5. Bb5 Bd7 6. Bb2 e6 7. 0-0 Be7 8. Qe2 0-0 9. Bxc6 Bxc6 10. Ne5 Rc8 11. d3 b5 12. Nd2 Bb7 13. c4 dxc4 14. bxc4 b4 15. e4 Nd7 16. Nxd7 Qxd7 17. Rf3 f5 18. Rh3 Bf6 19. e5 Bd8 20. Nb3 a5 21. Rd1 a4 22. Nd2 Qc6 23. Nf3 Be7 24. Kf2 Rcd8 25. Rg1 Rf7 26. Ne1 g6 27. Re3 Bf8 28. g3 Rfd7 29. h4 h5 30. Nf3 Be7 31. Qc2 Ba6 32. Rd1 Rb8 33. Nd2 Bb7 34. Nf3 Ba8 35. d4 cxd4 36. Bxd4 Rbd8 37. Qe2 Bc5 38. Red3 Bxd4+ 39. Nxd4 Qg2+ 40. Ke1 Qg1+ 41. Kd2 Qxd4 42. Rxd4 Rxd4+ 43. Kc1 Rxd1+ 44. Qxd1 Rxd1+ 45. Kxd1 Kf8 0-1

[Event "Duesseldorf"]
[Site "Duesseldorf"]
[Date "1998.10.11"]
[Round "2"]
[White "Kuester, Thomas"]
[Black "Bogorad, Michail"]
[Result "1/2-1/2"]
[WhiteElo "2205"]
[BlackElo "2180"]
[PlyCount "177"]
[EventDate "1998.10.18"]
[EventType "tourn"]
[EventRounds "9"]
[EventCountry "GER"]
[SourceTitle "EXT 2002"]
[Source "ChessBase"]
[SourceDate "2001.11.25"]
[SourceVersion "1"]
[SourceVersionDate "2001.11.25"]
[SourceQuality "1"]

1. f4 c5 2. Nf3 g6 3. e3 Bg7 4. Be2 Nc6 5. 0-0 d6 6. d4 cxd4 7. exd4 Qb6 8. c3 Nh6 9. Kh1 0-0 10. Nbd2 Qc7 11. Ne4 d5 12. Ng3 Kh8 13. Ne5 Nd8 14. Bf3 e6 15. Be2 f6 16. Ng4 Nf5 17. Nxf5 gxf5 18. Ne3 Nf7 19. Qe1 Qe7 20. Qh4 Rg8 21. g4 fxg4 22. Bd3 Bh6 23. Nxg4 Rxg4 24. Qxg4 f5 25. Qg3 Bd7 26. Rg1 Rf8 27. Be3 Be8 28. Rg2 Nd6 29. Rag1 Bg6 30. Qh3 Nf7 31. Bf2 Qd6 32. Be3 Kg7 33. Qh4 Qd8 34. Qxd8 Rxd8 35. h4 Kf8 36. Be2 Nd6 37. h5 Bf7 38. Rf1 Ne4 39. Bf2 Nxf2+ 40. Rfxf2 Ke7 41. Kg1 Kf6 42. Kf1 Bf8 43. Ke1 Bd6 44. Kd2 Rc8 45. Ke3 a6 46. Rf1 Bf8 47. Rh1 Bh6 48. Rh4 Re8 49. a4 e5 50. dxe5+ Rxe5+ 51. Kf3 Re4 52. b3 d4 53. cxd4 Bd5 54. Rg1 Rxd4+ 55. Kg3 Rd2 56. Rd1 Rxe2 57. Rxd5 Re3+ 58. Kf2 Rxb3 59. Rd6+ Kg7 60. Rd7+ Kf6 61. Rxh7 Bf8 62. Rc7 Bh6 63. Rh7 Bf8 64. Rd7 Bh6 65. Rd6+ Kg7 66. Rg6+ Kh7 67. Rf6 Rb2+ 68. Ke1 Rb1+ 69. Kd2 Rb2+ 70. Kd1 Rb4 71. Rxf5 Rxa4 72. Rg4 Rd4+ 73. Kc2 Rd7 74. Rg6 Bg7 75. Re6 Rc7+ 76. Kb1 Rd7 77. h6 Bd4 78. Rg5 Rf7 79. f5 a5 80. Rg4 Bc3 81. Rg3 Bd4 82. Rd3 Bc5 83. Rd5 b6 84. Kc2 a4 85. Kd3 a3 86. Ke4 a2 87. Rd1 Ra7 88. Ra1 Ra4+ 89. Kd3 1/2-1/2

[Event "Duesseldorf"]
[Site "Duesseldorf"]
[Date "1998.10.10"]
[Round "1"]
[White "Siemes, Robert"]
[Black "Kuester, Thomas"]
[Result "1/2-1/2"]
[WhiteElo "2135"]
[BlackElo "2205"]
[PlyCount "96"]
[EventDate "1998.10.18"]
[EventType "tourn"]
[EventRounds "9"]
[EventCountry "GER"]
[SourceTitle "EXT 2002"]
[Source "ChessBase"]
[SourceDate "2001.11.25"]
[SourceVersion "1"]
[SourceVersionDate "2001.11.25"]
[SourceQuality "1"]

1. e4 d5 2. exd5 Qxd5 3. Nc3 Qa5 4. d4 Nf6 5. Nf3 c6 6. Bc4 Bf5 7. Ne5 e6 8. g4 Be4 9. 0-0 Bd5 10. g5 Nfd7 11. Bd2 Qb6 12. Be3 Nxe5 13. dxe5 Qc7 14. Bxd5 cxd5 15. f4 Bc5 16. Bxc5 Qxc5+ 17. Kg2 g6 18. Qd3 Nc6 19. Qb5 Qxb5 20. Nxb5 0-0 21. h4 Ne7 22. Nd4 Rfc8 23. c3 a6 24. Rf3 Nc6 25. Rd1 Nxd4 26. Rxd4 b5 27. Kf2 a5 28. Ke3 Kf8 29. h5 Ke7 30. h6 a4 31. Rb4 Rab8 32. a3 Rc4 33. Rf1 Rxb4 34. axb4 Rc8 35. Rd1 Rc4 36. Rd4 Rc6 37. Rd1 Kd7 38. Rd2 Ra6 39. Kd4 Kc6 40. Rd1 Kb6 41. Kd3 Ra7 42. Kc2 Rc7 43. Rd4 Kc6 44. Kb1 Ra7 45. Ka2 Kb6 46. Ka3 Rc7 47. Ka2 Rc4 48. Ka3 Kc6 1/2-1/2